Letters to Philip. (Record no. 16788)

000 -LEADER
fixed length control field 00482nam a2200169 a 4500
001 - CONTROL NUMBER
control field :::00020074$&:&@@
003 - CONTROL NUMBER IDENTIFIER
control field OkBaRHE
005 - DATE AND TIME OF LATEST TRANSACTION
control field 20011206142232.0
008 - FIXED-LENGTH DATA ELEMENTS--GENERAL INFORMATION
fixed length control field s1968 j 000 0 eng u
040 ## - CATALOGING SOURCE
Transcribing agency
100 1# - MAIN ENTRY--PERSONAL NAME
Personal name Shedd, Charlie W.
245 10 - TITLE STATEMENT
Title Letters to Philip.
260 ## - PUBLICATION, DISTRIBUTION, ETC. (IMPRINT)
Place of publication, distribution, etc Old Tappan, NJ
Name of publisher, distributor, etc Fleming H. Revell
Date of publication, distribution, etc 1968
300 ## - PHYSICAL DESCRIPTION
Extent 128 p.
942 ## - ADDED ENTRY ELEMENTS (KOHA)
Source of classification or shelving scheme
Koha item type Books
Copies
Barcode Copy number Date acquired Withdrawn status Damaged status Permanent Location Source of classification or shelving scheme Lost status Shelving location Full call number Price effective from Date last seen Not for loan Koha item type
2007412010-04-14  RHEMA Bible Training College  General StacksHQ 734 .S5362010-04-142010-04-14 Books